00636nam a2200217Ia 4500003000400000005001700004008004100021020001900062040000700081041000800088082001500096100003000111245004000141260002000181300000800201650002000209700002700229942001300256999001900269952013000288OSt20251219114012.0250729s2005 xx 000 0 und d a978-8175820425 cAL aeng a574.2 JAYC aJayanthi A Sunita9227272 aChildren's reference-the human body aNew Delhic2005 a48p aBiology9227273 aRao Digumurthi9227274 2ddccBED c237594d237594 00104070aALbALd2025-07-29eBook Exhibitiong375.00l0o574.2 JAYCpBED02913r2025-07-29 16:55:53v375.00w2025-07-29yBK